[Event "Medellin Sub zt 2.3.2"]
[Site "Medellin"]
[Date "2025.04.17"]
[Round "6"]
[White "Allen Leydenz, Christian Gabriel"]
[Black "Michelen Rodriguez, Victor Issac"]
[Result "1/2-1/2"]
[WhiteElo "2011"]
[BlackElo "2192"]
[PlyCount "51"]
[EventDate "2025.04.14"]
[EventType "swiss"]
[EventRounds "9"]
[EventCountry "COL"]
[SourceTitle "CB18_2025"]
[SourceDate "2025.04.30"]
[SourceVersion "1"]
[SourceVersionDate "2025.04.30"]
[SourceQuality "1"]

1. e4 d6 2. d4 Nf6 3. Nc3 Nbd7 4. f4 e5 5. Nf3 exd4 6. Qxd4 c6 7. Be3 d5 8. exd5 Bc5 9. Qd3 Qe7 10. Kd2 Bxe3+ 11. Qxe3 Qxe3+ 12. Kxe3 Nxd5+ 13. Nxd5 cxd5 14. Rd1 Nb6 15. Bb5+ Bd7 16. Bxd7+ Kxd7 17. Ne5+ Ke6 18. Rhe1 f6 19. Nd3 Rac8 20. c3 Kf7 21. Kf3 Rhd8 22. Nf2 Rc5 23. Re2 Rb5 24. b3 Rc8 25. Rd3 a5 26. Nd1 1/2-1/2

[Event "Medellin Sub zt 2.3.2"]
[Site "Medellin"]
[Date "2025.04.16"]
[Round "5"]
[White "Michelen Rodriguez, Victor Issac"]
[Black "Ruiz Agudelo, Jeronimo"]
[Result "1/2-1/2"]
[WhiteElo "2192"]
[BlackElo "1959"]
[PlyCount "110"]
[EventDate "2025.04.14"]
[EventType "swiss"]
[EventRounds "9"]
[EventCountry "COL"]
[SourceTitle "CB18_2025"]
[SourceDate "2025.04.30"]
[SourceVersion "1"]
[SourceVersionDate "2025.04.30"]
[SourceQuality "1"]

1. c4 c5 2. Nc3 Nf6 3. e4 Nc6 4. g3 e6 5. f4 d6 6. Bg2 g6 7. Nf3 Bg7 8. 0-0 0-0 9. d3 Nd7 10. Be3 Nd4 11. Bf2 Nxf3+ 12. Bxf3 Nb8 13. e5 dxe5 14. Bxc5 Re8 15. fxe5 Nd7 16. Ba3 Nxe5 17. Nb5 Qb6+ 18. Kg2 Bd7 19. Nd6 Nxf3 20. c5 Qc6 21. Qxf3 Qxf3+ 22. Rxf3 Bc6 23. Nxe8 Rxe8 24. Kf2 Bxf3 25. Kxf3 Rd8 26. Ke2 Rd5 27. Rc1 Re5+ 28. Kf1 Rf5+ 29. Kg2 Rd5 30. c6 bxc6 31. Rxc6 Be5 32. Rc5 Rxc5 33. Bxc5 Bxb2 34. Bxa7 Ba3 35. d4 Kf8 36. Bc5+ Bxc5 37. dxc5 Ke7 38. a4 Kd7 39. a5 Kc6 40. a6 e5 41. Kf3 f5 42. g4 h5 43. gxh5 gxh5 44. h3 h4 45. Ke3 Kc7 46. Kd3 Kc6 47. Ke2 Kc7 48. Ke3 Kc6 49. Kd3 Kc7 50. Kc4 e4 51. Kd4 Kc6 52. Ke3 Kc7 53. Kf4 Kc6 54. Ke3 Kc7 55. Kf4 Kc6 1/2-1/2

[Event "Medellin Sub zt 2.3.2"]
[Site "Medellin"]
[Date "2025.04.15"]
[Round "3"]
[White "Michelen Rodriguez, Victor Issac"]
[Black "Hernandez, Elvert"]
[Result "1-0"]
[WhiteElo "2192"]
[BlackElo "1973"]
[PlyCount "118"]
[EventDate "2025.04.14"]
[EventType "swiss"]
[EventRounds "9"]
[EventCountry "COL"]
[SourceTitle "CB18_2025"]
[SourceDate "2025.04.30"]
[SourceVersion "1"]
[SourceVersionDate "2025.04.30"]
[SourceQuality "1"]

1. c4 Nf6 2. Nc3 g6 3. g3 Bg7 4. Bg2 d6 5. e4 c6 6. Nge2 Nbd7 7. 0-0 a5 8. h3 e5 9. d3 0-0 10. Be3 Nc5 11. d4 exd4 12. Bxd4 Qe7 13. Qc2 Re8 14. Rae1 Be6 15. b3 Nfd7 16. Bxg7 Kxg7 17. f4 f5 18. Nd4 Qf6 19. Nxe6+ Qxe6 20. Qd2 Qf6 21. Kh2 Rad8 22. exf5 gxf5 23. Rxe8 Rxe8 24. Rd1 Re6 25. Ne2 Ne4 26. Bxe4 Rxe4 27. Ng1 Qg6 28. Qxd6 Nf6 29. Qd3 Qe8 30. Rd2 Re3 31. Qxf5 Rxg3 32. Kxg3 Ne4+ 33. Kg2 Nxd2 34. Qg5+ Qg6 35. Nf3 Ne4 36. Qg4 Nf6 37. Qxg6+ Kxg6 38. Nd4 Ne4 39. Kf3 Nc3 40. a4 Kf6 41. Ne2 Nd1 42. Ng3 Ke6 43. Ne4 b6 44. Ke2 Nb2 45. Kd2 Kf5 46. Nd6+ Kxf4 47. Kc2 Nxa4 48. bxa4 Kg3 49. Ne4+ Kxh3 50. Ng5+ Kg4 51. Nxh7 Kf5 52. Kd3 Ke5 53. Ng5 b5 54. Nf3+ Kd6 55. cxb5 cxb5 56. axb5 Kc5 57. Nd4 a4 58. Kc3 a3 59. Kb3 Kd5 1-0

[Event "American Continental 17th"]
[Site "Juan Dolio"]
[Date "2023.05.18"]
[Round "5"]
[White "Corrales Jimenez, Fidel"]
[Black "Michelen Rodriguez, Victor Issac"]
[Result "1-0"]
[WhiteElo "2489"]
[BlackElo "2239"]
[PlyCount "45"]
[EventDate "2023.05.15"]
[EventType "swiss"]
[EventRounds "11"]
[EventCountry "DOM"]
[SourceTitle "CBM 214 Extra"]
[Source "ChessBase"]
[SourceDate "2023.07.31"]
[SourceVersion "1"]
[SourceVersionDate "2023.07.31"]
[SourceQuality "1"]

1. e4 e6 2. d4 d5 3. e5 c5 4. c3 Bd7 5. Nf3 Qb6 6. a3 Bb5 7. b4 cxd4 8. Bxb5+ Qxb5 9. cxd4 a5 10. Nc3 Qc4 11. Bd2 axb4 12. axb4 Rxa1 13. Qxa1 Qa6 14. Qxa6 Nxa6 15. b5 Nc7 16. Ke2 Bb4 17. b6 Na8 18. Nxd5 Bxd2 19. Ra1 exd5 20. Rxa8+ Kd7 21. Kxd2 f6 22. Rb8 Kc6 23. Rd8 1-0

[Event "Henriquez Urena Memorial 1st"]
[Site "Santo Domingo"]
[Date "2022.09.21"]
[Round "7"]
[White "Michelen Rodriguez, Victor Issac"]
[Black "Peralta, Fernando"]
[Result "1/2-1/2"]
[WhiteElo "2228"]
[BlackElo "2600"]
[PlyCount "92"]
[EventDate "2022.09.16"]
[EventType "swiss"]
[EventRounds "9"]
[EventCountry "DOM"]
[SourceTitle "CBM 210 Extra"]
[Source "ChessBase"]
[SourceDate "2022.11.30"]
[SourceVersion "1"]
[SourceVersionDate "2022.11.30"]
[SourceQuality "1"]

1. c4 e6 2. Nc3 b6 3. e4 Bb7 4. d4 Bb4 5. Bd3 f5 6. Qe2 Nf6 7. Bg5 fxe4 8. Bxe4 Bxe4 9. Bxf6 Qxf6 10. Qxe4 Nc6 11. Nf3 Bxc3+ 12. bxc3 0-0 13. 0-0 Qf5 14. Rfe1 Na5 15. Qxf5 Rxf5 16. Nd2 Raf8 17. f3 g5 18. Rab1 Kg7 19. Rb5 h6 20. Rxf5 Rxf5 21. Kf2 Nb7 22. Re5 Rf8 23. g4 Nd8 24. Re1 Nf7 25. a4 Nh8 26. d5 Kf7 27. dxe6+ dxe6 28. c5 Ng6 29. cxb6 axb6 30. Ra1 Rd8 31. Ne4 Rd5 32. c4 Ra5 33. c5 b5 34. Rd1 bxa4 35. Rd7+ Ne7 36. Nd6+ Kf8 37. Rd8+ Kg7 38. Rd7 Kf8 39. Rd8+ Kg7 40. Rd7 cxd6 41. cxd6 a3 42. Rxe7+ Kf8 43. Rxe6 a2 44. d7 Ra8 45. Re1 Rd8 46. Ra1 Rxd7 1/2-1/2

[Event "Santo Domingo Gesta Catorce op"]
[Site "Santo Domingo"]
[Date "2016.07.02"]
[Round "7"]
[White "Michelen Rodriguez, Victor Issac"]
[Black "Rodriguez Nunez, Jose Altagracia"]
[Result "1/2-1/2"]
[WhiteElo "2236"]
[BlackElo "2206"]
[PlyCount "126"]
[EventDate "2016.06.24"]
[EventType "swiss"]
[EventRounds "8"]
[EventCountry "DOM"]
[SourceTitle "EXT 2017"]
[Source "ChessBase"]
[SourceDate "2016.10.25"]
[SourceVersion "1"]
[SourceVersionDate "2016.10.25"]
[SourceQuality "1"]

1. c4 c5 2. Nc3 Nc6 3. g3 g6 4. Bg2 Bg7 5. e4 d6 6. Nge2 h5 7. h3 Bd7 8. d3 Qc8 9. Bg5 Nd4 10. Nxd4 cxd4 11. Nd5 e6 12. Nb4 Qc5 13. Bd2 Rc8 14. Nc2 b5 15. b3 bxc4 16. bxc4 Ba4 17. Rb1 h4 18. g4 a5 19. 0-0 Nf6 20. Qc1 0-0 21. Na1 d5 22. cxd5 exd5 23. Qxc5 Rxc5 24. g5 Nh5 25. exd5 Rfc8 26. Rfc1 Be5 27. Nb3 Bxb3 28. axb3 Bf4 29. Bxf4 Nxf4 30. Rc4 Kf8 31. Kf1 Ke7 32. Re1+ Kd6 33. Rxd4 Nxg2 34. Kxg2 Rb8 35. Ree4 Rxb3 36. Rxh4 Rxd5 37. Rxd5+ Kxd5 38. Ra4 Rb5 39. Kf3 Kc6 40. h4 Rf5+ 41. Ke3 Kb5 42. Ra1 Kb4 43. f4 a4 44. Ke4 Ra5 45. d4 Kb3 46. d5 Kb2 47. Rh1 a3 48. Rh2+ Kb3 49. Rh3+ Kb4 50. Rh1 a2 51. Ra1 Kb3 52. Ke5 Kb2 53. Rxa2+ Kxa2 54. f5 Kb3 55. fxg6 fxg6 56. Kf6 Kc4 57. d6 Rd5 58. d7 Kc5 59. Ke7 Re5+ 60. Kf6 Rd5 61. Ke7 Re5+ 62. Kf7 Rd5 63. Ke7 Re5+ 1/2-1/2

[Event "Santo Domingo Gesta Catorce op"]
[Site "Santo Domingo"]
[Date "2016.06.26"]
[Round "4"]
[White "Michelen Rodriguez, Victor Issac"]
[Black "Reyes Capellan, Elby"]
[Result "1/2-1/2"]
[WhiteElo "2236"]
[BlackElo "1993"]
[PlyCount "87"]
[EventDate "2016.06.24"]
[EventType "swiss"]
[EventRounds "8"]
[EventCountry "DOM"]
[SourceTitle "EXT 2017"]
[Source "ChessBase"]
[SourceDate "2016.10.25"]
[SourceVersion "1"]
[SourceVersionDate "2016.10.25"]
[SourceQuality "1"]

1. c4 Nf6 2. Nc3 g6 3. g3 Bg7 4. Bg2 0-0 5. e4 d6 6. Nge2 c5 7. 0-0 Nc6 8. a3 Nd7 9. Rb1 b6 10. b4 Bb7 11. d3 Rb8 12. Be3 Nde5 13. h3 Nd7 14. Qd2 Re8 15. Kh2 Nf8 16. f4 Ne6 17. Bg1 Ncd4 18. Nxd4 Nxd4 19. Ne2 Nxe2 20. Qxe2 e5 21. f5 Bc6 22. Be3 Bd7 23. h4 Rc8 24. Bh3 Rc7 25. Rf2 Bc8 26. Rbf1 h6 27. Bd2 a6 28. h5 g5 29. bxc5 dxc5 30. Rb1 Qd6 31. Be3 f6 32. a4 Bd7 33. Qd1 Rb8 34. Rfb2 Be8 35. g4 Bf8 36. Bf1 Kg7 37. Kg2 Rcb7 38. Be2 Be7 39. Kf3 Kf8 40. Qc2 Qd7 41. Ra2 a5 42. Qc3 Qc7 43. Qc2 Qd7 44. Qc3 1/2-1/2

[Event "Santo Domingo Gesta Catorce op"]
[Site "Santo Domingo"]
[Date "2016.06.24"]
[Round "1"]
[White "Batlle Ysa, Rafael Jorge"]
[Black "Michelen Rodriguez, Victor Issac"]
[Result "1/2-1/2"]
[WhiteElo "1901"]
[BlackElo "2236"]
[PlyCount "87"]
[EventDate "2016.06.24"]
[EventType "swiss"]
[EventRounds "8"]
[EventCountry "DOM"]
[SourceTitle "EXT 2017"]
[Source "ChessBase"]
[SourceDate "2016.10.25"]
[SourceVersion "1"]
[SourceVersionDate "2016.10.25"]
[SourceQuality "1"]

1. d4 Nf6 2. Nf3 e6 3. e3 c5 4. Be2 d5 5. 0-0 Nc6 6. c4 dxc4 7. dxc5 Bd7 8. Nc3 Bxc5 9. Bxc4 a6 10. a3 b5 11. Bd3 Qc7 12. b4 Be7 13. Bb2 Rd8 14. Qc2 Rc8 15. Qe2 0-0 16. Rac1 Qb7 17. Ne4 Nxe4 18. Bxe4 f5 19. Bb1 Bf6 20. Ba2 Kh8 21. Rfd1 e5 22. Bd5 Qb8 23. e4 f4 24. Bb3 Bg4 25. h3 Nd4 26. Bxd4 Bxf3 27. Qxf3 exd4 28. Bd5 h6 29. Qg4 Rc3 30. Qg6 Qe5 31. Rxc3 dxc3 32. Bb3 Qe8 33. Qxe8 Rxe8 34. f3 Rd8 35. Rxd8+ Bxd8 36. Kf2 Bf6 37. Ke2 c2 38. Bxc2 Bb2 39. a4 bxa4 40. Bxa4 Bc3 41. b5 axb5 42. Bxb5 g5 43. Kd3 Be5 44. Be8 1/2-1/2

[Event "Santo Domingo Duarte Memorial 5th"]
[Site "Santo Domingo"]
[Date "2016.01.17"]
[Round "8"]
[White "Del Rosario Moreno, Carlos"]
[Black "Michelen Rodriguez, Victor Issac"]
[Result "1-0"]
[WhiteElo "2063"]
[BlackElo "2243"]
[PlyCount "169"]
[EventDate "2016.01.08"]
[EventType "swiss"]
[EventRounds "8"]
[EventCountry "DOM"]
[SourceTitle "CBM 170 Extra"]
[Source "ChessBase"]
[SourceDate "2016.02.25"]
[SourceVersion "1"]
[SourceVersionDate "2016.02.25"]
[SourceQuality "1"]

1. e4 e5 2. Nf3 Nc6 3. Bb5 a6 4. Ba4 Nf6 5. 0-0 b5 6. Bb3 Be7 7. Re1 d6 8. c3 0-0 9. h3 Na5 10. Bc2 c5 11. d4 cxd4 12. cxd4 Qc7 13. Nbd2 Bd7 14. Nf1 Rfc8 15. Bd3 Nc6 16. Be3 Bf8 17. Rc1 Qd8 18. Bb1 h6 19. Ng3 g6 20. Re2 Qe8 21. d5 Ne7 22. Rec2 Rxc2 23. Rxc2 Rc8 24. Nd2 Rxc2 25. Bxc2 Qc8 26. Bd3 Bg7 27. Qc2 Qxc2 28. Bxc2 Ne8 29. f3 f5 30. Ne2 f4 31. Bf2 Nc8 32. Bd3 Bf6 33. a4 Nc7 34. a5 Na8 35. Nc3 Bd8 36. Nb3 Bc7 37. Na2 Bb8 38. Nb4 Nc7 39. Kh2 Ba7 40. Be1 Ne7 41. g3 fxg3+ 42. Bxg3 g5 43. Be2 Ng6 44. Nc1 Nf4 45. Bf1 Be3 46. Nb3 Kf7 47. Be1 Kf6 48. Nd3 Nxd3 49. Bxd3 Ne8 50. Na1 Ke7 51. Nc2 Bc5 52. Bd2 Kf6 53. Nb4 Nc7 54. Bf1 Bf2 55. Nd3 Bd4 56. b3 Ba7 57. h4 Bd4 58. hxg5+ hxg5 59. Bh3 Bxh3 60. Kxh3 Kg6 61. Kg4 Ne8 62. Bxg5 Bc3 63. Bd8 Bd2 64. f4 exf4 65. Nxf4+ Kf7 66. Ne6 Nf6+ 67. Kf3 Ne8 68. Nd4 Ng7 69. Nxb5 Ke8 70. Bb6 Kd7 71. Nc7 Ne8 72. Nxe8 Kxe8 73. Kg4 Kd7 74. Kf3 Bb4 75. Ke3 Ke7 76. Kd3 Be1 77. Kc4 Kf6 78. Bd4+ Kg5 79. Bc3 Bf2 80. e5 dxe5 81. Bxe5 Kf5 82. Bc7 Kf6 83. Bb6 Be1 84. Kc5 Ke7 85. Kc6 1-0

[Event "Santo Domingo Duarte Memorial 5th"]
[Site "Santo Domingo"]
[Date "2016.01.15"]
[Round "5"]
[White "Michelen Rodriguez, Victor Issac"]
[Black "Guzman, Christopher"]
[Result "1/2-1/2"]
[WhiteElo "2243"]
[BlackElo "2257"]
[PlyCount "40"]
[EventDate "2016.01.08"]
[EventType "swiss"]
[EventRounds "8"]
[EventCountry "DOM"]
[SourceTitle "CBM 170 Extra"]
[Source "ChessBase"]
[SourceDate "2016.02.25"]
[SourceVersion "1"]
[SourceVersionDate "2016.02.25"]
[SourceQuality "1"]

1. e4 e5 2. Nf3 Nc6 3. Bb5 a6 4. Ba4 Nf6 5. 0-0 Be7 6. Re1 b5 7. Bb3 0-0 8. c3 d6 9. d3 Bg4 10. Nbd2 h6 11. Nf1 Re8 12. Ng3 Bf8 13. h3 Be6 14. Bc2 d5 15. exd5 Nxd5 16. Nxe5 Nxe5 17. Rxe5 c5 18. Qf3 Bd6 19. Re1 Qc7 20. Bd2 Ne7 1/2-1/2

[Event "Olympiad-41"]
[Site "Tromsoe"]
[Date "2014.08.04"]
[Round "3.4"]
[White "Michelen Rodriguez, Victor Issac"]
[Black "Santana Otero, Orlando"]
[Result "1-0"]
[WhiteElo "2239"]
[BlackElo "2125"]
[PlyCount "75"]
[EventDate "2014.08.02"]
[EventType "team-swiss"]
[EventRounds "11"]
[EventCountry "NOR"]
[SourceTitle "CBM 162"]
[Source "ChessBase"]
[SourceDate "2014.09.17"]
[SourceVersion "1"]
[SourceVersionDate "2014.09.17"]
[SourceQuality "1"]
[WhiteTeam "Dominican Republic"]
[BlackTeam "Puerto Rico"]
[WhiteTeamCountry "DOM"]
[BlackTeamCountry "PUR"]

1. c4 Nf6 2. Nc3 g6 3. g3 Bg7 4. Bg2 0-0 5. e4 d6 6. Nge2 Nbd7 7. 0-0 e5 8. h3 c6 9. Rb1 a5 10. a3 Nc5 11. d3 a4 12. Be3 Nfd7 13. f4 Qe7 14. f5 Rd8 15. Nc1 f6 16. g4 g5 17. h4 h6 18. hxg5 hxg5 19. Kf2 Kf7 20. Rh1 Rh8 21. Rxh8 Bxh8 22. N1e2 Bg7 23. Ng1 Bf8 24. Nf3 Kg8 25. Qd2 Ra6 26. Qc2 Qd8 27. Rh1 Qb6 28. Bf1 Qb3 29. Qd2 b5 30. cxb5 cxb5 31. Bxg5 Bb7 32. Bh6 Be7 33. Bg7 Bf8 34. Bxf8 Nxf8 35. g5 d5 36. g6 Nxd3+ 37. Bxd3 dxe4 38. Qh6 1-0

[Event "Santo Domingo op"]
[Site "Santo Domingo"]
[Date "2006.11.02"]
[Round "5"]
[White "Michelen Rodriguez, Victor Issac"]
[Black "Montalvo Rosario, Alejandro"]
[Result "0-1"]
[WhiteElo "2051"]
[BlackElo "2218"]
[PlyCount "82"]
[EventDate "2006.10.31"]
[EventType "swiss"]
[EventRounds "9"]
[EventCountry "DOM"]
[SourceTitle "EXT 2007"]
[Source "ChessBase"]
[SourceDate "2006.11.23"]
[SourceVersion "1"]
[SourceVersionDate "2006.11.23"]
[SourceQuality "1"]

1. d4 c5 2. d5 e5 3. c4 d6 4. Nc3 g6 5. e4 Nf6 6. g3 Bg7 7. Bg2 0-0 8. Nge2 a6 9. 0-0 Nh5 10. Qd3 f5 11. f4 b5 12. fxe5 Bxe5 13. Nf4 b4 14. Nce2 Ng7 15. Qc2 Ra7 16. Nd3 Bf6 17. Bh6 fxe4 18. Bxe4 Re8 19. Bxg7 Bxg7 20. Nf2 Nd7 21. Rae1 Nf6 22. Bg2 Rae7 23. Bf3 Re3 24. Kg2 Qe7 25. Nd3 Bf5 26. Nef4 Rxe1 27. Rxe1 Qxe1 28. Nxe1 Bxc2 29. Nxc2 Ne4 30. Bxe4 Rxe4 31. b3 g5 32. Kf3 Re5 33. Ne6 g4+ 34. Kf2 Bh6 35. Ne1 Re3 36. Nc7 Rc3 37. Ne8 Bf8 38. Nf6+ Kf7 39. Nxg4 Rc1 40. Ne3 Ra1 41. N3c2 Rxa2 0-1